000 00607nam a2200241Ia 4500
003 OSt
005 20220928140519.0
006 a|||||r|||| 00| 0
007 ta
008 220927b |||||||| |||| 00| 0 eng d
024 _a9125
037 _cTextual
040 _aSDCL
_cSDCL
_beng
041 _2eng
_aeng
082 _aD65,44, M4
100 _aAmos Sw Ed.
_9495646
245 0 _aFoundations of wireless and electronics
250 _a10
260 _c1984
700 _a Scroggie Mg
_9495647
942 _hD65,44, M4
_cTEXL
_2CC
999 _c811873
_d811873